| 000 | 00584nam a2200181 4500 | ||
|---|---|---|---|
| 999 |
_c16700 _d16700 |
||
| 008 | 220310b ||||| |||| 00| 0 eng d | ||
| 020 | _a9781260597721 | ||
| 082 |
_22022 _aDC 792 _bW691 |
||
| 100 |
_aWilson, Edwin. _944628 |
||
| 245 |
_aTheatre : _bthe lively art / _cEdwin Wilson and Alvin Goldfarb. |
||
| 250 | _a11th edition. | ||
| 260 |
_aNew York : _bMcGraw Hill LLC ; _c©2022. |
||
| 300 |
_axxv, 498 pages : _bcolor illustrations ; _c24 cm. |
||
| 500 | _aIncludes glossary and index. | ||
| 650 |
_aTheater. _944629 |
||
| 700 |
_aGoldfarb, A. _eAuthor. _944630 |
||
| 942 |
_2ddc _cDC |
||